| 000 | 00939nas a2200325 4500 | ||
|---|---|---|---|
| 001 | BR8902638 | ||
| 003 | BR-BrBNA | ||
| 005 | 20231205091550.0 | ||
| 007 | ta | ||
| 008 | 230509b bl.|||p| |||| 00| 00por d | ||
| 040 |
_aBR-BrBNA _bpor _cBiblioteca Nacional de Agricultura |
||
| 041 | _a(Pt) | ||
| 072 | _aE16 | ||
| 100 | 1 | _aDall'Acqua, F.M. | |
| 100 | 1 | _aGuazzelli, R.J. | |
| 100 | 1 | _aZimmermann, M.J.O. | |
| 100 | 1 | _aFaria, J.C. | |
| 100 | 1 | _aCastro, T.R.P. | |
| 100 | 1 | _aBlumenschein, F.N. | |
| 100 | 1 | _aSteinmetz, S. | |
| 100 | 1 | _aConto, A.J. | |
| 100 | 1 | _aVieira, H.N. | |
| 245 | 1 | _aSugestoes p/uma politica de estimulo a cultura do feijao | |
| 650 | _aFEIJAO | ||
| 650 | _aPRODUCAO VEGETAL | ||
| 650 | _aECONOMIA DA PRODUCAO | ||
| 773 | 0 |
_tRevista de Economia Rural (Brazil) _xISSN 0100-4905 _g(Jul-Sep 1984), v. 22(3) p. 375-382 _wBR8902638 |
|
| 909 |
_a202311 _bLúcia _c55 _dLúcia Elande |
||
| 942 |
_2AGRIS _n0 _cANA |
||
| 999 |
_c125901 _d125901 |
||